00414nam a2200181Ia 4500008004100000020001800041050001400059100002300073245001200096245002300108260001500131260001600146260000900162300001600171300002700187300001000214500000800224170918s9999 xx 000 0 und d a9780590486682 bM996 1996 aMyers, Walter Dean aSlam! / cWalter Dean Myers. aNew York : bScholastic, c1996 a266 pages : bcolored illustration ; c17cm. a750